| 000 | 00682nam a22002292 4500 | ||
|---|---|---|---|
| 001 | 0000004339 | ||
| 005 | 20151217145804.0 | ||
| 008 | 070522s xx 000 0 eng d | ||
| 020 |
_a0534404995 : _cGBP 41.99 |
||
| 040 |
_aKABU _cKABU |
||
| 050 | 0 |
_aQA297 _b.B87 2005 |
|
| 100 | 1 |
_aBurden, Richard L. _@0000154845 |
|
| 245 | 1 | 0 |
_aNumerical analysis / _cRichard L. Burden, J. Douglas Faires. |
| 250 | _a8th ed. | ||
| 260 |
_aLondon : _bThomson Learning, _c2005. |
||
| 300 | _axiv, 847 p. | ||
| 650 | 0 |
_aNumerical analysis. _@0000154812 |
|
| 700 | 1 |
_aFaires, J. Douglas. _@0000154846 |
|
| 908 | _a070522 | ||
| 950 | _@1 | ||
| 999 |
_c2619 _d2619 |
||